LEADER 01135nam a2200241 i 4500 001 000000198216 003 CaOOAMICUS 005 20220224104843.0 008 110228s1961 it u000 u ita u 013 $a176904 040 $aSeMil$bita 100 1 $aCicu, Antonio,$d<1879-1962>.$0(OLS)http://semarc/name/10827 245 10$a42: Successioni per causa di morte :$pparte generale :$pdelazione e acquisto dell'eredità, divisione ereditaria /$cAntonio Cicu. 250 $a2. ed. aggiornata in volume unico 264 1$aMilano :$bGiuffrè,$c1961. 300 $aXI/, 579 p. ;$c25 cm 650 4$aSuccessioni (diritto).$0(OLS)http://semarc/subject/3836 773 0 $tTrattato di diritto civile e commerciale.$dMilano : Giuffrè, [195-]$g42$w()24434 850 $aSeMil 852 $aSeMil$W1$xVenegono$y1$m3L III 166$j148772$B148772$CSeMilBibl$Z2$F160189 $81 996 $6245$a42: Successioni per causa di morte :$pparte generale :$pdelazione e acquisto dell'eredità, divisione ereditaria$9(OLS)http://semarc/title/286365 996 $6264$aMilano :$bGiuffrè$9(OLS)http://semarc/publisher/29926 LEADER 00986nam a2200253 i 4500 001 000000203933 003 CaOOAMICUS 005 20110712000000.0 008 110712s1985 it u000 u ita u 013 $a182648 040 $aSeMil$bita 100 1 $aCalori, Carlo .$0(OLS)http://semarc/name/36466 245 10$aLinee per una storia della letteratura /$cCarlo Calori. 260 $aMilano :$b[s.n.],$c1985. 300 $a38 p. ;$c21 cm. 490 0 $aI quaderni dell'ISMECC ;$v25 500 $aContiene : Appendice. 650 4$aLetteratura - Storia.$0(OLS)http://semarc/subject/2842 830 2$aI quaderni dell'ISMECC ;$v25.$0(OLS)http://semarc/title/23236 850 $aSeMil 852 $aSeMil$W1$xVenegono$y1$m5B III 22/32$j154427$B154427$CSeMilBibl$Z2$F165295 $81 961 $aOmaggio: Altro 996 $6245$aLinee per una storia della letteratura$9(OLS)http://semarc/title/295454 996 $6260$aMilano :$b[s.n.]$9(OLS)http://semarc/publisher/29709